Представление документа в формате RUSMARC

ПолеНазваниеЗначение
  Тип записи a
  Библиографический уровень a
001 Контрольный номер RU/CBS_UL/BASE/acf6bce5d88a42b082bef61782410cb2
005 Дата корректировки 20230330102055.4
100 Данные общей обработки __
a Данные общей обработки 20230330 ||| 0rusy0189 ca
101 Язык документа 0_
a Язык текста rus
102 Страна публикации __
a Страна публикации RU
200 Заглавие и сведения об ответственности 1_
a Заглавие Тремор: отчего и что делать?
e Сведения, относящиеся к заглавию [тремор при болезниях Паркинсона и Минора]
f Первые сведения об ответственности Л. Горяйнова
300 Общие примечания __
a Общие примечания 16+
461 Уровень набора _0
1 2000
a 60 лет - не возраст
463 Уровень физической единицы _0
1 2000
a № 2
v С. 30-35 : фото
1 2101
d 2023
1 001RU/CBS_UL/BASE/723068f86a1b4725936cdb08f926953e
606 Тематические рубрики 0_
a Основная рубрика Паркинсона болезнь
606 Тематические рубрики 0_
a Основная рубрика Минора болезнь
610 Ключевые слова 0_
a Ключевые слова Паркинсона болезнь
610 Ключевые слова 0_
a Ключевые слова болезнь Паркинсона
610 Ключевые слова 0_
a Ключевые слова Минора болезнь
610 Ключевые слова 0_
a Ключевые слова болезнь Минора
610 Ключевые слова 0_
a Ключевые слова тремор
610 Ключевые слова 0_
a Ключевые слова паркинсонизм
610 Ключевые слова 0_
a Ключевые слова дрожательный паралич
610 Ключевые слова 0_
a Ключевые слова лечение болезни Паркинсона
610 Ключевые слова 0_
a Ключевые слова лечение болезни Минора
610 Ключевые слова 0_
a Ключевые слова фитотерапия при треморе
686 Индексы других классификаций __
2 Код системы rubbk
a Классификационный индекс 56.12
700 Автор _1
a Фамилия Горяйнова
b Имя (инициалы) Л.
801 Источник записи _0
a Страна RU
b Организация МБУК ЦБС г. Ульяновска
c Дата составления 20230330
g Правила каталогизации RCR
801 Источник записи _1
a Страна RU
b Организация МБУК ЦБС г. Ульяновска
c Дата составления 20230330
g Правила каталогизации RCR
901 Тип документа __
t Тип документа b
w Контрольный № источника RU/CBS_UL/BASE/723068f86a1b4725936cdb08f926953e